[Event "Moscow Open Women 2012"]
[Site "Moscow RUS"]
[Date "2012.01.28"]
[Round "1.34"]
[White "Mokshanova,Elizaveta"]
[Black "Enkhtuul,A"]
[Result "0-1"]
[WhiteElo "1788"]
[BlackElo "2211"]

1.e4 d6 2.d4 g6 3.Nc3 Bg7 4.Be3 Nd7 5.Qd2 a6 6.f3 b5 7.O-O-O c6 8.d5 c5 9.Kb1 Bb7
10.Nce2 Nb6 11.Nc1 Na4 12.c3 Qd7 13.Nge2 b4 14.g4 Rb8 15.Ka1 bxc3 16.Nxc3 Bxd5
17.exd5 Rxb2 18.Qxb2 Bxc3 19.Qxc3 Nxc3 20.Rd3 Nb5 21.Rb3 Kf8 22.h4 h5 23.Be2 Nf6
24.Bg5 Nxd5 25.Bc4 Nb6 26.Be2 c4 27.Re3 f6 28.Bf4 Nd5 29.Re4 Nxf4 30.Rxf4 d5
31.Rd1 Qc7  0-1

[Event "Moscow Open F 2012"]
[Site "Moscow RUS"]
[Date "2012.01.28"]
[Round "1.8"]
[White "Khobotova,O"]
[Black "Biryukov,D"]
[Result "0-1"]
[WhiteElo "1968"]
[BlackElo "2332"]

1.e4 d6 2.d4 g6 3.Nc3 Bg7 4.f4 Nf6 5.Nf3 O-O 6.Be3 Ng4 7.Bg1 c5 8.dxc5 Bxc3+
9.bxc3 Qa5 10.cxd6 Qxc3+ 11.Nd2 Ne3 12.Bxe3 Qxe3+ 13.Qe2 Qxf4 14.dxe7 Qh4+
15.Qf2 Qxe7 16.Bc4 Nc6 17.O-O Ne5 18.Bd5 Be6 19.Rab1 Ng4 20.Qd4 Ne3 21.Bxe6 Nxf1
22.Bd5 Nxd2 23.Qxd2 Rad8 24.Qf2 b6 25.a4 Rc8 26.a5 bxa5 27.Rb5 Rb8 28.Qc5 Qxc5+
29.Rxc5 Rfc8 30.Rxa5 Rxc2 31.h3 Rbb2 32.e5 Rc7 33.e6 fxe6 34.Bxe6+ Kg7 35.Bd5 Rb6
36.Kf2 a6 37.Be4 Rf7+ 38.Kg1 Rd6 39.Bf3 Rf5 40.Ra4 a5 41.Kh2 Ra6 42.Kg3 Ra7
43.Be2 Rf6 44.h4 Rb6 45.h5 g5 46.Bd1 Rb4 47.Ra3 a4 48.Bc2 Kh6 49.Bd1 Rb1
50.Rxa4 Rxa4 51.Bxa4 Kxh5 52.Bc2 Rb7 53.Be4 Rc7 54.Kf3 Rc3+ 55.Kf2 h6 56.Bf3+ g4
57.Be4 g3+ 58.Ke2 Kg5 59.Kd2 Ra3 60.Ke2 h5 61.Bc6 Kf4 62.Bd5 h4 63.Bc6 Ra2+
64.Kd3 h3  0-1

[Event "Gibraltar Open"]
[Site "Caleta ENG"]
[Date "2012.01.29"]
[Round "6.117"]
[White "Pollo Mancilla,Ricardo"]
[Black "Kuehnast,V"]
[Result "0-1"]
[WhiteElo "1450"]
[BlackElo "1933"]

1.e4 g6 2.d4 Bg7 3.Nc3 d6 4.f4 e6 5.Nf3 a6 6.Be3 Nd7 7.Bc4 b5 8.Bb3 c5 9.dxc5 Nxc5
10.Bxc5 dxc5 11.Qxd8+ Kxd8 12.Rd1+ Ke7 13.a3 c4 14.Ba2 Bxc3+ 15.bxc3 Nf6
16.Rd4 Bb7 17.Nd2 Rhd8 18.O-O Rxd4 19.cxd4 Nxe4 20.Nxe4 Bxe4 21.c3 Kd6 22.Bb1 Kd5
23.Bxe4+ Kxe4 24.Rf3 a5 25.Kf2 Kd5 26.Re3 f6 27.Ke2 b4 28.cxb4 axb4 29.axb4 Ra2+
30.Kf3 Rb2 31.Ra3 Rb3+  0-1

[Event "TCh-CZE Liga 1 Zapad"]
[Site "Czech Rep CZE"]
[Date "2012.01.29"]
[Round "7.1"]
[White "Priehoda,V"]
[Black "Michalek,J"]
[Result "1-0"]
[WhiteElo "2388"]
[BlackElo "2332"]

1.d4 g6 2.e4 Bg7 3.Nc3 d6 4.f4 Nc6 5.Be3 Nf6 6.Nf3 O-O 7.Bd3 e5 8.fxe5 dxe5
9.d5 Nd4 10.Nxe5 Nd7 11.Nxd7 Bxd7 12.O-O Qe7 13.Qd2 b5 14.Rae1 b4 15.Nd1 a5
16.c3 Nb5 17.c4 Nd4 18.Bb1 c5 19.Nf2 Rae8 20.Nd3 Bg4 21.e5 Bxe5 22.Nxe5 Qxe5
23.Bxd4 Qxd4+ 24.Qxd4 cxd4 25.Bd3 b3 26.axb3 Rb8 27.h3 Bd7 28.Re7 Bc8 29.d6 Be6
30.Rf4 Rxb3 31.Rxd4 Rd8 32.c5 Kf8 33.Rxe6 fxe6 34.c6  1-0

[Event "TCh-CZE Liga 1 Zapad"]
[Site "Czech Rep CZE"]
[Date "2012.01.29"]
[Round "7.3"]
[White "Londyn,R"]
[Black "Cesal,J"]
[Result "1-0"]
[WhiteElo "2373"]
[BlackElo "2211"]

1.e4 g6 2.d4 Bg7 3.Nc3 d6 4.Be3 c6 5.f4 d5 6.e5 h5 7.Nf3 Nh6 8.Bd3 Bf5 9.Bxf5 Nxf5
10.Bf2 e6 11.Qd3 Nd7 12.O-O-O Qa5 13.Kb1 Bf8 14.g3 Rc8 15.h3 c5 16.g4 cxd4
17.Nxd4 Nxd4 18.Bxd4 Bc5 19.f5 Bxd4 20.Qxd4 Qb6 21.fxe6 fxe6 22.Qd2 Kd8 23.Qg5+ Kc7
24.Rxd5 Qc6 25.Rdd1 hxg4 26.Qxg4 Kb8 27.Qxg6 Nxe5 28.Qe4 Nc4 29.Qxc6 Rxc6
30.Kc1 a6 31.a4 Rhc8 32.Rd3 Rb6 33.b3 Ne5 34.Re3 Rc5 35.Rhe1 Ng6 36.Kb2 Rbc6
37.R1e2 e5 38.Ne4 Rd5 39.Rg2 Rd1 40.Rc3 Nf4 41.Rg8+ Ka7 42.Rxc6 bxc6 43.Rg7+ Kb6
44.a5+ Kxa5 45.Rb7 Rd4 46.Ka3 Nd5 47.c3 Rd3 48.Nd6 Rxc3 49.Nc4+ Rxc4 50.bxc4 Nf6
51.Rf7  1-0

[Event "TCh-HUN 2011-12"]
[Site "Decs HUN"]
[Date "2012.01.29"]
[Round "5"]
[White "Mester,G"]
[Black "Veszpremi,A"]
[Result "0-1"]
[WhiteElo "2425"]
[BlackElo "2256"]

1.d4 g6 2.e4 Bg7 3.Nc3 d6 4.Bg5 h6 5.Bh4 Nf6 6.e5 Nh7 7.f4 O-O 8.Nf3 c6 9.Bd3 dxe5
10.dxe5 Nd7 11.Bc4 g5 12.fxg5 hxg5 13.Nxg5 Nxg5 14.Bxg5 Nxe5 15.Qxd8 Rxd8
16.Bb3 Bg4 17.O-O Kf8 18.Rae1 Bh5 19.g4 Bg6 20.h4 Rd4 21.Kh1 Rxg4 22.Re2 Rd8
23.Be6 Rgd4 24.Bf4 Nc4 25.Bg5 Bf6 26.Bf5 Bxg5 27.hxg5 Bxf5 28.Rxf5 Rh4+ 29.Kg2 Rdd4
30.b3 Nd6 31.Rfe5 e6 32.a4 Rdg4+ 33.Kf3 Nf5 34.Ne4 Nd4+  0-1

[Event "ch-TUR 2012"]
[Site "Kemer TUR"]
[Date "2012.01.29"]
[Round "2"]
[White "Yurtseven,M"]
[Black "Gulenc,A"]
[Result "1/2-1/2"]
[WhiteElo "2160"]
[BlackElo "1849"]

1.e4 d6 2.d4 g6 3.Nc3 Bg7 4.Be3 Nd7 5.Nf3 e5 6.dxe5 Nxe5 7.Nxe5 Bxe5 8.Bc4 Be6
9.Be2 Ne7 10.Qd3 a6 11.O-O f5 12.f4 Bg7 13.Bf3 Qc8 14.Bd4 Bxd4+ 15.Qxd4 O-O
16.Nd5 Nxd5 17.exd5 Bf7 18.h4 Qd8 19.g3 h5 20.Rfe1 Re8 21.c4 b6 22.b3 Re7
23.Kf2 Qd7 24.Qf6 Rae8 25.Rxe7 Qxe7 26.Qxe7 Rxe7 27.Re1 Kf8 28.Rxe7 Kxe7
29.Ke3 a5 30.Kd4 Be8 31.a3 Bd7 32.Kc3 Kd8 33.b4 axb4+ 34.Kxb4 Kc8 35.Bd1 Kb7
36.Bb3 Ka6 37.Bc2 Ka7 38.Bd3 Kb7 39.Be2 Ka7 40.Bd3 Kb7 41.Bc2 Ka6 42.Ba4 Bxa4
43.Kxa4 Ka7 44.Kb5 Kb7 45.a4 Kb8 46.a5 bxa5 47.Kxa5 Kc8 48.Kb5 Kd8 49.Kb4 Kc8
50.Ka5 Kd7 51.Kb4 Kc8 52.Kb5 Kd8 53.Kb4  1/2-1/2

[Event "Gibraltar Open"]
[Site "Caleta ENG"]
[Date "2012.01.30"]
[Round "7.96"]
[White "Weber,Franc ESP"]
[Black "Mozelius,P"]
[Result "1-0"]
[WhiteElo "2155"]
[BlackElo "1869"]

1.e4 g6 2.d4 Bg7 3.Nc3 d6 4.Be3 a6 5.h3 b5 6.Bd3 Bb7 7.Qe2 Nd7 8.Nd1 Rc8
9.a4 c6 10.f4 Qa5+ 11.c3 c5 12.Nf3 c4 13.Bc2 b4 14.cxb4 Qxb4+ 15.Bd2 Qb6
16.a5 Qc7 17.O-O Nh6 18.Ne3 O-O 19.Ra4 e5 20.fxe5 dxe5 21.Rxc4 Qb8 22.d5 Qa7
23.Kh1 f5 24.Rxc8 Bxc8 25.Ng5 Nc5 26.exf5 gxf5 27.b4 Nb7 28.Bc3 Nd6 29.Nc4 Qc7
30.Bb3 e4 31.Bxg7 Kxg7 32.Qb2+ Kg6 33.Qe5 Rf6 34.Nxe4  1-0

[Event "Gibraltar Open"]
[Site "Caleta ENG"]
[Date "2012.01.30"]
[Round "7.47"]
[White "Osuna Vega,E"]
[Black "Karim,I"]
[Result "1/2-1/2"]
[WhiteElo "2122"]
[BlackElo "2405"]

1.e4 g6 2.d4 d6 3.Nc3 Bg7 4.Be3 c6 5.Qd2 Nd7 6.Nf3 Qc7 7.a4 Ngf6 8.h3 O-O
9.Bh6 e5 10.dxe5 dxe5 11.Be3 Qa5 12.Ne2 Qxd2+ 13.Nxd2 Re8 14.Nc3 Bf8 15.Nb3 Bb4
16.Bd3 Nh5 17.O-O Nf4 18.Rfd1 a5 19.Bc4 Nf6 20.f3 Be6 21.Bxe6 Nxe6 22.Ne2 Be7
23.g4 h5 24.Kg2 hxg4 25.hxg4 Kg7 26.Rh1 Nd7 27.Rh2 Ndc5 28.Nxc5 Bxc5 29.Bxc5 Nxc5
30.Nc3 Rad8 31.Kf1 Ne6 32.Rc1 Kf6 33.Ke2 Rh8 34.Rf2 Rh3 35.Ke3 Ke7 36.Ne2 Ng5
37.Ng1 Rhh8 38.Ne2 Rd7 39.Nc3 Rhd8 40.Rh1 Ne6 41.Rhh2 Rd4 42.b3 R4d6 43.Nb1 Rd1
44.Nc3 Rc1 45.Rd2 Nd4 46.f4 Rf1 47.Rhf2 Rh1 48.Rh2 Rg1 49.Rhg2 Rf1 50.Rgf2 Re1+
51.Ne2 exf4+ 52.Rxf4 Ne6 53.Rxd8 Nxf4 54.Rd2 Ne6 55.Kf2 Rh1 56.Kg2 Re1 57.Kf2 Ra1
58.Ng3 Ng5 59.Re2 Nh3+ 60.Ke3 Rg1 61.Kf3 b6 62.Rh2 Ng5+ 63.Kf2 Rc1 64.Ke3 b5
65.axb5 cxb5 66.Rd2 a4 67.bxa4 bxa4 68.Rd5 Nh3 69.Ra5 Rxc2 70.Ne2 Ra2 71.Nc3 Rc2
72.Nd5+ Ke6 73.Rxa4 Ng5 74.Nf4+ Kf6 75.Ra6+ Kg7 76.Ra5 Rc3+ 77.Kd4 Rf3 78.Nd5 Rg3
79.Ne3 Ne6+ 80.Kd3 Rf3 81.Ke2 Rf4 82.Kd3 Kh6 83.Rb5 Ng5 84.Rb4 Rf2 85.Rb5 Ra2
86.Nc4 Rh2 87.Ne5 Rh3+ 88.Kd4 Rg3 89.Rb7 Kg7 90.Ra7 Rb3 91.Nd3 Ne6+ 92.Kc4 Rb1
93.Ne5 Ng5 94.Kd4 Re1 95.Kd3 Kf6 96.Nd7+ Ke6 97.Nf8+ Ke5 98.Ra5+ Kf4 99.Ra6 Re3+
100.Kc2 Kxg4 101.Nxg6 Rxe4 102.Rf6 Re7 103.Nh8 Rd7 104.Kb2 Kh5 105.Kb3 Re7
106.Nxf7 Nxf7 107.Kc4 Rd7 108.Rf1 Kg6 109.Kc5 Nh6 110.Kc6 Rd2 111.Kc5 Nf5
112.Kc6 Kf6 113.Re1 Nd4+ 114.Kc5 Ne2 115.Rh1 Rc2+ 116.Kd6 Rd2+ 117.Kc5 Ke5
118.Rh5+ Ke4 119.Rh4+ Nf4 120.Rh1 Nd3+ 121.Kc6 Ne5+ 122.Kc7 Kd5 123.Rc1 Nd3
124.Rh1 Ra2 125.Rh5+ Ne5 126.Kb6 Rb2+ 127.Kc7 Rb5 128.Rh1 Rc5+ 129.Kb7 Ra5
130.Kc7 Kc5 131.Rc1+ Nc4 132.Kd7 Ra6 133.Ke7 Kd4 134.Rd1+ Ke4 135.Re1+ Ne3
136.Kd7 Kd4 137.Rh1 Nf5 138.Rf1 Ke5 139.Rd1 Rh6 140.Kc7 Nd4 141.Rg1 Rc6+
142.Kd7 Rc3 143.Rg5+ Nf5 144.Rg1 Rc4 145.Rg5 Rc5 146.Rg1 Kd5 147.Rd1+ Nd4
148.Ke7 Rc2 149.Kd7 Ra2 150.Ke7 Ra6 151.Kf7 Rb6 152.Ke7 Re6+ 153.Kf7 Re4
154.Kf6 Re2 155.Kf7 Rf2+  1/2-1/2

[Event "Gibraltar Open"]
[Site "Caleta ENG"]
[Date "2012.01.30"]
[Round "7.119"]
[White "Pasanen,Tuomo"]
[Black "Randlov,Carsten"]
[Result "1-0"]
[WhiteElo "2008"]
[BlackElo "1831"]

1.e4 g6 2.d4 Bg7 3.Nc3 d6 4.f3 c6 5.Be3 b5 6.Qd2 Nd7 7.Bd3 Nb6 8.b3 Bd7 9.Nge2 b4
10.Nd1 c5 11.Rc1 Rc8 12.dxc5 dxc5 13.Nf2 Nf6 14.O-O e5 15.c3 Qe7 16.Ba6 Rd8
17.cxb4 O-O 18.Bxc5 Qe8 19.Qb2 Nh5 20.Rfd1 f5 21.Bxf8 Qxf8 22.Qd2 Bh6 23.Bc4+ Kh8
24.Qd6 Bxc1 25.Nxc1 Qf6 26.a4 Kg7 27.a5 Nxc4 28.bxc4 Kf7 29.Qc7 Ke8 30.Ncd3 Ba4
31.Re1 Bc2 32.Nxe5 Nf4 33.exf5  1-0

[Event "17th HIT Open A"]
[Site "Nova Gorica SLO"]
[Date "2012.01.30"]
[Round "6"]
[White "Brcar,Al"]
[Black "Unuk,Laura"]
[Result "0-1"]
[WhiteElo "1990"]
[BlackElo "1845"]

1.d4 g6 2.e4 Bg7 3.Nc3 d6 4.Be3 Nf6 5.h3 c6 6.Nf3 O-O 7.Qd2 b5 8.Bd3 a6 9.O-O Nbd7
10.Rfe1 Qc7 11.Bh6 e6 12.Bxg7 Kxg7 13.a4 Rb8 14.axb5 axb5 15.e5 Nd5 16.Nxd5 exd5
17.e6 fxe6 18.Ng5 Nf6 19.Rxe6 h6 20.Rae1 Rb7 21.Bxg6 hxg5 22.Re7+ Qxe7 23.Rxe7+ Rxe7
24.Qxg5 Kh8 25.Qh6+ Kg8 26.Bd3 Rg7 27.g4 Ne4 28.Bxe4 dxe4 29.Qxd6 Bxg4 30.hxg4 Rxg4+
31.Kf1 Rgf4 32.Qg6+ Kh8 33.Qh6+ Kg8 34.Qg6+ Kh8 35.Qh6+ Kg8 36.Qg6+ Kh8 37.Qg3 R8f6
38.Ke2 Rf7 39.Ke1 R7f6 40.Ke2 Rf7 41.b3 R7f6 42.Ke1 Rf3 43.Qh4+ Kg7 44.Qxe4 Rxf2
45.Qg4+ Kf7 46.Qd7+ Kg6 47.Qg4+ Kf7 48.Qd7+ Kg6 49.Qe8+ Kg7 50.Qe7+ Kg8 51.Qd8+ Kg7
52.Qc7+ Kf8 53.Qb8+ Kf7 54.Qc7+ Kf8 55.Qd8+ Kf7 56.Qd7+ Kf8 57.c4 bxc4 58.bxc4 R2f4
59.Ke2 Rf2+ 60.Ke3 R2f3+ 61.Ke4 Rf1 62.Ke5 Rf7 63.Qc8+ Ke7 64.Qc7+ Kf8 65.Qd6+  0-1

[Event "17th HIT Open A"]
[Site "Nova Gorica SLO"]
[Date "2012.01.30"]
[Round "6"]
[White "Zavrtanik,Uros"]
[Black "Furlan,Ales"]
[Result "0-1"]
[WhiteElo "1733"]
[BlackElo "2029"]

1.e4 g6 2.d4 Bg7 3.Nc3 d6 4.Be3 a6 5.Qd2 b5 6.a3 Bb7 7.h4 h5 8.O-O-O Nd7
9.Nf3 Rc8 10.Ng5 c5 11.Ne2 cxd4 12.Bxd4 Ngf6 13.Nc3 O-O 14.Kb1 Re8 15.Bd3 Nc5
16.f3 Qc7 17.Rhe1 Nxd3 18.Qxd3 Qc4 19.e5 dxe5 20.Bxe5 Qxh4 21.Nce4 Nxe4 22.Nxe4 Bxe5
23.Rh1 Bxe4 24.fxe4 Qf6 25.Rdf1 Qg7 26.Rf3 Bxb2  0-1

[Event "ch-TUR 2012"]
[Site "Kemer TUR"]
[Date "2012.01.31"]
[Round "5"]
[White "Koksal,R"]
[Black "Dogan,N"]
[Result "1/2-1/2"]
[WhiteElo "1932"]
[BlackElo "2124"]

1.d4 g6 2.e4 Bg7 3.Nc3 d6 4.Be3 a6 5.Qd2 b5 6.h4 Bb7 7.f3 h6 8.Nge2 Nd7 9.Ng3 h5
10.Nge2 Ngf6 11.Nf4 e5 12.dxe5 Nxe5 13.O-O-O O-O 14.Nfd5 Nxd5 15.Nxd5 Bxd5
16.Bg5 Qd7 17.Qxd5 Qe6 18.Be2 Qxd5 19.Rxd5 Nc6 20.Kb1 Rfe8 21.Bd1 Rab8 22.c3 b4
23.Ba4 bxc3 24.b3 Nb4 25.Bxe8 Nxd5 26.Bxf7+ Kxf7 27.exd5 Re8 28.Rc1 c6 29.dxc6 Rc8
30.Re1 Rxc6 31.Re7+ Kf8 32.Kc2 d5 33.Rd7 d4 34.Rd8+ Kf7 35.Rd7+ Kg8 36.Rd8+ Kh7
37.Rd7 Re6 38.Kd3 Kg8 39.Rd8+ Kf7 40.Rd7+ Kf8 41.Rd8+ Kf7 42.Rd7+ Kf8  1/2-1/2

[Event "ch-TUR w 2012"]
[Site "Kemer TUR"]
[Date "2012.01.31"]
[Round "5"]
[White "Okuyaz,Duru"]
[Black "Haksayar,Aysen"]
[Result "1-0"]
[WhiteElo "1413"]
[BlackElo "1767"]

1.e4 g6 2.d4 Bg7 3.Nc3 d6 4.Be3 Nf6 5.f3 O-O 6.Qd2 Re8 7.O-O-O c6 8.g4 Nbd7
9.h4 h5 10.gxh5 Nxh5 11.Be2 Ng3 12.Rh2 e5 13.Bg5 Qa5 14.d5 cxd5 15.Qxd5 Nc5
16.Qxd6 Be6 17.a3 f6 18.Be3 Bf8 19.Qd2 Nxe2+ 20.Ngxe2 b5 21.Nd5 Qd8 22.Rg2 Kh7
23.Nec3 Rc8 24.Qf2 a5 25.Qg3 Bf7 26.f4 exf4 27.Nxf4 Qc7 28.Bxc5 Qxc5 29.Nxg6 Bh6+
30.Kb1 Rg8 31.Rd7 Qc4 32.Nd5 Rc6 33.Rxf7+ Bg7 34.Nf8+ Kh6 35.Qg6+  1-0

[Event "ch-TUR 2012"]
[Site "Kemer TUR"]
[Date "2012.02.01"]
[Round "6"]
[White "Mecit,E"]
[Black "Fazla,O"]
[Result "1-0"]
[WhiteElo "2046"]
[BlackElo "1835"]

1.e4 d6 2.d4 g6 3.Nc3 Bg7 4.Be3 Nf6 5.Nf3 O-O 6.Qd2 c6 7.Bh6 Bxh6 8.Qxh6 Ng4
9.Qd2 f5 10.Bc4+ e6 11.h3 fxe4 12.hxg4 exf3 13.g3 d5 14.Bd3 Qf6 15.O-O-O Na6
16.a3 b5 17.Rh6 Rf7 18.g5 Qxd4 19.Rdh1 Rb8 20.Bxg6 Qxd2+ 21.Kxd2 Rg7 22.Bxh7+ Kf7
23.Rf6+ Ke7 24.Rg6 Rxg6 25.Bxg6 Bd7 26.Rh7+ Kd6 27.Bf7 Be8 28.g6 Nc5 29.Rh8 Bxf7
30.Rxb8 Bxg6 31.b4 Nd7 32.Ra8 d4 33.Nd1 Nb6 34.Rxa7 Nc4+ 35.Kc1 e5 36.Rg7 Be4
37.Nb2 Nxa3 38.Nd3 Bd5 39.Rg6+ Kc7 40.Nxe5 Nc4 41.Nxc4 Bxc4 42.Rf6 Bd5 43.Rf4 d3
44.cxd3 Kd6 45.d4 Ke6 46.Kd2 Kd6 47.Ke3 Ke6 48.g4 Kd6 49.g5  1-0

[Event "ch-TUR w 2012"]
[Site "Kemer TUR"]
[Date "2012.02.01"]
[Round "7"]
[White "Ozturk,H"]
[Black "Abdimanoglu,B"]
[Result "0-1"]
[WhiteElo "1773"]
[BlackElo "1741"]

1.e4 d6 2.d4 g6 3.Nc3 Bg7 4.Be3 Nc6 5.h3 e5 6.Nf3 Nge7 7.Bc4 O-O 8.Qd2 exd4
9.Nxd4 Nxd4 10.Bxd4 Bxd4 11.Qxd4 Nc6 12.Qd2 Ne5 13.Be2 Be6 14.O-O-O Bc4 15.Bg4 Be6
16.Qh6 Qf6 17.f4 Nd7 18.Bf3 a5 19.h4 a4 20.a3 Ra5 21.h5 gxh5 22.Qxf6 Nxf6
23.f5 Bc4 24.Bxh5 Nxh5 25.Rxh5 f6 26.Rdh1 Rf7 27.Nd1 Be2 28.R5h3 Bxd1 29.Kxd1 Re5
30.Rg3+ Rg7 31.Rxg7+ Kxg7 32.Rh4 d5 33.Rg4+ Kf7 34.exd5 Rxd5+ 35.Ke2 Re5+
36.Kd3 Rxf5 37.Rxa4 Rg5 38.Ra7 Rg3+ 39.Kc4 Rxg2 40.Kb3 h5 41.Rxb7 h4 42.Rxc7+ Kg6
43.Rc3 Rg3  0-1

[Event "Moscow Open 2012 A"]
[Site "Moscow RUS"]
[Date "2012.02.01"]
[Round "5.50"]
[White "Pletnev,E"]
[Black "Chekhov,S"]
[Result "0-1"]
[WhiteElo "2338"]
[BlackElo "2437"]

1.d4 g6 2.e4 Bg7 3.Nc3 d6 4.Be3 Nf6 5.f3 c6 6.Qd2 Nbd7 7.g4 b5 8.Nge2 Nb6
9.b3 h5 10.g5 Nfd7 11.h4 a5 12.Bg2 b4 13.Nd1 Ba6 14.f4 c5 15.c4 bxc3 16.Ndxc3 Rc8
17.Rd1 O-O 18.Rh3 Qc7 19.dxc5 Nxc5 20.Bd4 e5 21.Bxc5 dxc5 22.f5 Rfd8 23.Nd5 Nxd5
24.exd5 c4 25.Be4 Bf8 26.Kf2 Bb4 27.Qb2 Qc5+ 28.Kg2 c3 29.Qc2 gxf5 30.Bxf5 Rc7
31.Be4 Qe7 32.Rf3 Bc8 33.Rdf1 Bg4 34.Rf6 Rd6 35.Ng3 Rxf6 36.gxf6 Qc5 37.Qc1 Kf8
38.Qg5 Qd4 39.Rf2 Bc5 40.Qg7+ Ke8 41.Qg8+ Bf8 42.Qg5 Bd1 43.d6 Bxd6 44.Qg8+ Bf8
45.Qh7 Bg4 46.Bd3 Bh3+ 47.Kxh3 Qxf2 48.Qe4 Qc5 49.Bc4 Kd8 50.Nxh5 Rc6 51.Ng7 Kc7
52.h5 Kb6 53.Qf5 Qe3+ 54.Kg2 Qd2+ 55.Kh3 Qe3+ 56.Kg2 c2 57.Qxc2 Rxf6 58.Nf5 Qg5+
59.Ng3 Bc5 60.Qd3 Rd6 61.Qf3 Rd2+ 62.Kh3 Bg1 63.Be2 f5 64.Kg2 f4 65.Kxg1 Qxg3+  0-1

[Event "TCh-ISR 2011-12"]
[Site "Israel ISR"]
[Date "2012.02.03"]
[Round "7.5"]
[White "Klenburg,M"]
[Black "Umarov,S"]
[Result "1/2-1/2"]
[WhiteElo "2381"]
[BlackElo "2368"]

1.e4 g6 2.d4 Bg7 3.Nc3 d6 4.f4 c6 5.Nf3 Bg4 6.Be3 Qb6 7.Qd2 Bxf3 8.gxf3 Nd7
9.O-O-O Qc7 10.h4 Ngf6 11.Bh3 Nb6 12.Qd3 d5 13.f5 dxe4 14.fxe4 gxf5 15.Bxf5 e6
16.Bh3 O-O-O 17.Qf1 Ne8 18.Rg1 Qe7 19.Kb1 Kb8 20.e5 h6 21.h5 f5 22.exf6 Bxf6
23.Ne4 Nd5 24.Bc1 Bg7 25.Rg6 Qh4 26.Rg4 Qe7 27.Qg1 e5 28.Ng3 Qc7 29.Nf5 Bf6
30.dxe5 Qxe5 31.Ra4 Nc3+ 32.bxc3 Rxd1 33.Qxd1 Qxc3 34.Bf4+ Ka8 35.Rd4 Ng7
36.Qd3 Bxd4 37.Qxd4 Qxd4 38.Nxd4 Nxh5 39.Be5 Rg8 40.Nf5 Rg6 41.Kb2  1/2-1/2

[Event "TCh-ISR 2011-12"]
[Site "Israel ISR"]
[Date "2012.02.03"]
[Round "7.1"]
[White "Bitensky,I"]
[Black "Gofshtein,L"]
[Result "1/2-1/2"]
[WhiteElo "2390"]
[BlackElo "2504"]

1.e4 g6 2.d4 Bg7 3.Nc3 d6 4.Be3 a6 5.f4 b5 6.Nf3 Bb7 7.Bd3 Nd7 8.O-O c5 9.dxc5 Nxc5
10.Bxc5 dxc5 11.e5 f5 12.Be2 Qb6 13.a4 Rd8 14.Qe1 b4 15.a5 Qc6 16.Na4 Bh6
17.Nh4 Qc7  1/2-1/2

[Event "ch-TUR 2012"]
[Site "Kemer TUR"]
[Date "2012.02.03"]
[Round "8"]
[White "Tirak,Mert"]
[Black "Gulenc,A"]
[Result "1-0"]
[WhiteElo "1710"]
[BlackElo "1849"]

1.e4 d6 2.d4 g6 3.Nc3 Bg7 4.Be3 Nd7 5.Qd2 e6 6.f3 Ne7 7.Bc4 c6 8.Bb3 d5 9.Nge2 O-O
10.Bh6 a5 11.a4 b6 12.h4 f6 13.Bxg7 Kxg7 14.g4 Ng8 15.O-O-O Re8 16.Kb1 Nb8
17.g5 f5 18.h5 Ra7 19.Nf4 fxe4 20.fxe4 e5 21.hxg6 exf4 22.Rxh7+ Kxg6 23.Rxa7 f3
24.Qh2 Na6 25.Qh7+ Kxg5 26.Rg7+ Kf4 27.Qh2+  1-0

[Event "TCh-CAT 2012"]
[Site "Catalunya ESP"]
[Date "2012.02.04"]
[Round "2.10"]
[White "Mestre Bellido,H"]
[Black "Aguilar Garrido,I"]
[Result "1-0"]
[WhiteElo "2345"]
[BlackElo "2121"]

1.e4 g6 2.d4 Bg7 3.Nc3 d6 4.Bc4 a6 5.a4 b6 6.h4 h5 7.Qf3 e6 8.Bg5 Qd7 9.Nge2 Bb7
10.Qe3 Nh6 11.f3 Qc8 12.Bb3 Nd7 13.Rd1 Nf8 14.Nc1 Qd7 15.N3e2 f6 16.Bf4 Qe7
17.Nc3 Nf7 18.Qe2 g5 19.Be3 Ng6 20.hxg5 fxg5 21.d5 Bxc3+ 22.bxc3 e5 23.a5 b5
24.c4 bxc4 25.Ba4+ Kf8 26.Qxc4 Kg7 27.Ne2 Nh4 28.O-O Raf8 29.Rb1 Bc8 30.Rb8 Nxg2
31.Kxg2 Bh3+ 32.Kxh3 Rxb8 33.Kg2 g4 34.Ng3 Nh6 35.Bxh6+  1-0

[Event "TCh-CAT 2012"]
[Site "Catalunya ESP"]
[Date "2012.02.04"]
[Round "2.6"]
[White "Asis Gargatagli,H"]
[Black "Fernandez Madrid,C"]
[Result "1-0"]
[WhiteElo "2462"]
[BlackElo "2175"]

1.e4 g6 2.d4 Bg7 3.Nc3 d6 4.f4 a6 5.Nf3 b5 6.Bd3 Nd7 7.Be3 Bb7 8.e5 c5 9.Be4 Bxe4
10.Nxe4 Nh6 11.Qe2 O-O 12.O-O-O cxd4 13.Bxd4 Qa5 14.Kb1 Nf5 15.exd6 Nxd4
16.Nxd4 exd6 17.Nc6 Qa4 18.Nxd6 Nb6 19.h4 Nc4 20.h5 Nxd6 21.Ne7+ Kh8 22.hxg6 h6
23.Rxd6 Qxf4 24.Qd2 Qxd2 25.Rxd2 f5 26.Rf2 f4 27.Nd5 Rad8 28.Nxf4 Rd4 29.g3 Rfd8
30.c3 R4d6 31.Kc2 Kg8 32.Re2 a5 33.Rhe1 Bf8 34.a3 b4 35.cxb4 axb4 36.a4 Rd4
37.Kb3 R8d7 38.Re8 Rd2 39.Ne6 Rf2  1-0

[Event "ch-TUR 2012"]
[Site "Kemer TUR"]
[Date "2012.02.05"]
[Round "10"]
[White "Nailer,Ali"]
[Black "Yelligedik,Murat"]
[Result "1-0"]
[WhiteElo "1953"]
[BlackElo "1829"]

1.e4 g6 2.d4 Bg7 3.Nc3 d6 4.Be3 b5 5.Qd2 a6 6.f3 Bb7 7.O-O-O Nd7 8.g4 c5
9.h4 h5 10.gxh5 Rxh5 11.Nge2 cxd4 12.Nxd4 Ngf6 13.Be2 Ne5 14.Rdg1 Nc4 15.Bxc4 bxc4
16.Rxg6 fxg6 17.Ne6 Kf7 18.Nxd8+ Rxd8 19.Qe2 Rc8 20.Bg5 Rc5 21.Rf1 Nh7 22.Be3 Rc8
23.Qf2 Bf6 24.Rh1 g5 25.Bd4 e5 26.Be3 gxh4 27.Qd2 Ke6 28.Nd5 Bg5 29.f4 exf4
30.Nxf4+ Bxf4 31.Bxf4 Rd8 32.Qe2 Nf6 33.Qxc4+ Ke7 34.Rg1 Rh7 35.Bg5 h3 36.Qc3 Rf8
37.Bxf6+ Ke8 38.Qc4 Kd7 39.e5 d5 40.Qc5 Re8 41.Rg3 Re6 42.Qf8  1-0

[Event "TCh-CAT 2012"]
[Site "Catalunya ESP"]
[Date "2012.02.11"]
[Round "3.7"]
[White "Garrido Fernandez,Dan"]
[Black "Borras Duran,Pe"]
[Result "0-1"]
[WhiteElo "2250"]
[BlackElo "2180"]

1.e4 g6 2.d4 Bg7 3.Nc3 d6 4.Nf3 Nd7 5.Be3 a6 6.a4 b6 7.Bc4 e6 8.Qd2 h6 9.O-O Bb7
10.d5 Bxc3 11.Qxc3 e5 12.Nd2 g5 13.f4 gxf4 14.Bxf4 Ne7 15.Bg3 Ng6 16.Rf5 Rh7
17.Be2 Bc8 18.Raf1 Nc5 19.Rf6 Nd7 20.Qc6 Ra7 21.Bh5 Nf4 22.Re6+ Kf8 23.Bxf4 exf4
24.Rxf4 Qg5 25.Rf5 Qxd2 26.g3 Qd4+ 27.Rf2 Qxf2+ 28.Kxf2 fxe6 29.dxe6 Nf6
30.Bf7 Rxf7 31.exf7 Kxf7 32.h4 Bd7 33.Qc4+ Be6 34.Qc6 Ng4+ 35.Kg2 Ne5 36.Qc3 h5
37.Qe3 Bg4 38.a5 Rb7 39.axb6 Rxb6 40.b3 Rc6 41.c4 Rb6 42.Qc3 Bf3+ 43.Kf2 Bxe4
44.Ke3 Bf5 45.Kf4 Kf6 46.Ke3 a5 47.c5 Rb4 48.cxd6 cxd6 49.Kf2 Be6 50.Qc7 Rxb3
51.Qxd6 Rb2+ 52.Kf1 Ra2 53.Qd8+ Kf5 54.Qg5+ Ke4 55.Qf4+ Kd5 56.Qc1 Bh3+  0-1

[Event "TCh-CAT 2012"]
[Site "Catalunya ESP"]
[Date "2012.02.11"]
[Round "3.1"]
[White "Spraggett,K"]
[Black "Movsziszian,K"]
[Result "1/2-1/2"]
[WhiteElo "2584"]
[BlackElo "2483"]

1.e4 d6 2.d4 g6 3.Nc3 Bg7 4.f4 Nf6 5.Nf3 O-O 6.Bd3 Na6 7.O-O c5 8.d5 Bg4
9.Bc4 Nc7 10.h3 Bxf3 11.Qxf3 a6 12.a4 Rb8 13.a5 e6 14.dxe6 Nxe6 15.f5 Nd4
16.Qf2 d5 17.Bxd5 Nxd5 18.Nxd5 Nxf5 19.exf5 Qxd5 20.c3 Rfe8 21.Be3 c4 22.Bb6 Qxf5
23.Qxf5 gxf5 24.Rxf5 Re2 25.Rf2 Rbe8 26.Kf1 R2e4 27.Rd1 Bh6 28.g4 Be3 29.Bxe3 Rxe3
30.Rd7 Re1+ 31.Kg2 R8e7 32.Rd4 R1e5  1/2-1/2

[Event "11th Aeroflot Open B"]
[Site "Moscow RUS"]
[Date "2012.02.11"]
[Round "5"]
[White "Kurukin,D"]
[Black "Byambaa,Z"]
[Result "1-0"]
[WhiteElo "2417"]
[BlackElo "2279"]

1.e4 g6 2.d4 Bg7 3.Nc3 d6 4.g3 c6 5.a4 Nf6 6.Bg2 O-O 7.h3 e5 8.Nge2 Be6 9.O-O d5
10.Bg5 dxe4 11.dxe5 Qxd1 12.Rfxd1 Nfd7 13.Nxe4 Nxe5 14.Nd6 f6 15.Nd4 Bc8
16.Be3 Na6 17.f4 Nf7 18.Nxc8 Rfxc8 19.Bf2 f5 20.Ne6 Bf6 21.Bf1 Nc7 22.Bc4 Nxe6
23.Bxe6 Rc7 24.c3 Kg7 25.a5 c5 26.Bc4 Be7 27.Rd5 Rd8 28.Rad1 Rxd5 29.Rxd5 Nd6
30.Bd3 Ne8 31.Re5 Nf6 32.Kf1 Kf8 33.b3 Rd7 34.Bb5 Rc7 35.Be1 Ne4 36.Rd5 Bf6
37.Rd3 Ke7 38.Re3 Kf8 39.g4 Nd6 40.Be2 c4 41.Re6 Be7 42.b4 Kf7 43.Re3 b5
44.Bf3 Kf8 45.g5 Nf7 46.Re6 Bd6 47.Bd2 a6 48.Be3 Re7 49.Rxe7 Bxe7 50.Bb7 Nd6
51.Bxa6 Ke8 52.Ke2 Kd7 53.Bd4 Kc6 54.Bc5 Bf8 55.Ke3 Bg7 56.Bxd6 Kxd6 57.Bxb5 Bxc3
58.Bxc4 Bxb4 59.a6 Bc5+ 60.Kd3 Ke7 61.Bg8 Kf8 62.Bxh7 Kg7 63.Bxg6 Kxg6 64.Kc4  1-0

[Event "Frauenbundesliga 2011-12"]
[Site "Germany GER"]
[Date "2012.02.12"]
[Round "9.5"]
[White "Grossmann,S"]
[Black "Schulz,A1"]
[Result "1-0"]
[WhiteElo "2029"]
[BlackElo "1819"]

1.e4 g6 2.d4 Bg7 3.Nc3 d6 4.Be3 Nd7 5.Qd2 e5 6.Nge2 Ngf6 7.f3 a6 8.g4 h5
9.g5 Nh7 10.h4 O-O 11.f4 exf4 12.Nxf4 b5 13.a4 bxa4 14.Bc4 Kh8 15.Nxa4 Bb7
16.Nc3 Nb6 17.Bd3 Re8 18.O-O Nxg5 19.hxg5 Qxg5+ 20.Ng2 Qe7 21.Rf2 f5 22.Re1 fxe4
23.Nxe4 Rf8 24.Bg5 Rxf2 25.Nxf2 Qf7 26.Re7 Qf3 27.Be4 Bxe4 28.Rxe4 Nc4 29.Qf4 Qxf4
30.Nxf4 Nxb2 31.Nxg6+ Kh7 32.Nf4 Rg8 33.Re7 Kh8 34.Ng6+ Kh7 35.Nh4 Kh8 36.Ne4 Bxd4+
37.Kf1 Nc4 38.Bf6+ Bxf6 39.Nxf6  1-0

[Event "3rd Novy Bor Open"]
[Site "Novy Bor CZE"]
[Date "2012.02.15"]
[Round "6"]
[White "Grela,K"]
[Black "Bartos,J"]
[Result "0-1"]
[WhiteElo "1826"]
[BlackElo "2231"]

1.e4 g6 2.d4 Bg7 3.Nc3 d6 4.Be3 a6 5.Qd2 b5 6.Nf3 Bb7 7.a3 Nd7 8.d5 c5 9.dxc6 Bxc6
10.Bd3 Ngf6 11.Nd4 Bb7 12.f3 h5 13.a4 b4 14.Nce2 a5 15.Bc4 Rc8 16.Be6 Ra8
17.Bc4 d5 18.exd5 Bxd5 19.Bb5 e5 20.Nb3 O-O 21.Nc5 Nb6 22.O-O Nc4 23.Bxc4 Bxc4
24.Rfd1 Qc7 25.Ng3 Rfd8 26.Qf2 Nd5 27.Bg5 Rdc8 28.Nge4 Nf4 29.Nd3 f5 30.Nf6+ Kf7
31.Nxf4 Bxf6 32.Bxf6 Kxf6 33.Nd3 Qa7 34.Qxa7 Rxa7 35.b3 Bxd3 36.cxd3 Rc3
37.d4 exd4 38.Rxd4 Rxb3 39.Rd6+ Kf7 40.Kf2 Re7 41.Ra2 Rb1 42.Rd5 b3 43.Ra3 Rc7
44.Rxa5 Rc2+ 45.Ke3 Ra2  0-1